00417nam a2200193Ia 4500003000900000005001700009008004100026040001300067040001300080041000800093100001000101245005200111250000900163260001400172260000900186300001000195490000600205700001200211IT-RoPAU20220918175455.0120407s9999 xx 000 0 und d aIT-RoPAU cIT-RoPAU aita aTonna aIl Salterio nelle recite dell’ufficio divino. aRoma aDesclèe c1931 c25 cm v1 aBarthet